000 00576cam a22002053a 4500
001 41235
003 PGUSA
005 20140828083929.0
008 121030s2012||||xxu|||||s|||||000 | eng d
040 _aPGUSA
_beng
042 _adc
100 1 _aLewis, Alfred Henry,
_d1857-1914
245 1 4 _aThe Sunset Trail
_h[electronic resource] /
_cAlfred Henry Lewis
260 _bProject Gutenberg,
_c2012
506 _aPublic domain in the USA.
516 _aElectronic text
830 0 _aProject Gutenberg
_v41235
856 4 0 _uhttp://www.gutenberg.org/ebooks/41235
942 _cEB
999 _c270487
_d270487